000 00478nam a2200217Ia 4500
003 0100
008 130303s9999 xx 000 0 und d
020 _a0198248571
040 _cARRUPELIB
050 _aK428.N375 1992
100 _aGeorge, Robert P.
245 _aNatural law theory
245 _bcontemporary essays
260 _aOxford
260 _bClarendon Press
260 _C1992
300 _a371p.
300 _b 22cm
650 _bEthics
942 0 0 _03
999 _c19680
_d19680